Countries with embassies and consulates in Sao Tome and Principe - Statistics

General Stats
  • This quiz has been taken 59 times
  • The average score is 6 of 9
Answer Stats
Continent Country % Correct
South America Brazil
98%
Africa Angola
80%
Africa Nigeria
80%
Europe Portugal
75%
Africa Gabon
65%
Africa South Africa
65%
Asia China
63%
Africa Cape Verde
43%
Africa Equatorial Guinea
41%
No matching quizzes found
Score Distribution
Percent of People with Each Score
Percentile by Number Answered
Your Score History
You have not taken this quiz